Disney children's encyclopedia : Great lives

Bibliographic Details
Main Author: Tames,Richard
Format: Book
Published: Hong kong : Grolier international inc. , 1999

MARC

LEADER 00000cam a2200000 7i4500
001 0000082152
005 20190115.0
008 190115
020 |a 0717289540 
090 0 0 |a REF   |b CHI 
100 1 |a Tames,Richard 
245 1 0 |a Disney children's encyclopedia :   |b Great lives   |c Richard Tames 
260 |a Hong kong :   |b Grolier international inc. ,   |c 1999 
999 |a 0000813023   |b Book   |c REFERENCE   |e Cawangan Pontian 
999 |a 0000813024   |b Book   |c REFERENCE   |e Cawangan Segamat 
999 |a 0000813025   |b Book   |c REFERENCE   |e Cawangan Bandar Penawar